| 000 | 00751nam a2200217 a 4500 | ||
|---|---|---|---|
| 001 | 000012718 | ||
| 005 | 20240530073915.0 | ||
| 008 | 091116s1999 dr 000 0 spa d | ||
| 040 |
_aDO-SdBNP _bspa _cBNPHU |
||
| 082 |
_aRD863.44 _bR621r , 1999 |
||
| 100 | 1 |
_aRivera Aybar, Ricardo _929433 |
|
| 245 | 1 | 3 |
_aEl reino de Mandinga / _cRicardo Rivera Aybar ; prólogo Tomás Castro Burdiez. |
| 250 | _a2a ed. | ||
| 260 |
_aSanto Domingo : _bLibrería La Trinitaria, _c1999. |
||
| 300 |
_a321 p. ; _c21 p. |
||
| 500 | _aIncluye datos biográficos del autor en la solapa de la cubierta. | ||
| 590 | _aInventariado, 2019/VM | ||
| 650 | 0 |
_aNovela dominicana _9223 |
|
| 650 | 0 |
_aLiteratura dominicana. _967 |
|
| 700 |
_aCastro, Tomás, _d1959- _epról. _924641 |
||
| 999 |
_c12369 _d12369 |
||